Свечение некоторых сульфидных фосфоров в области инфранизких частот; Оптика и спектроскопия; Т. 21, вып. 3

Λεπτομέρειες βιβλιογραφικής εγγραφής
Parent link:Оптика и спектроскопия: научный журнал/ Академия наук СССР (АН СССР).— , 1956-
Т. 21, вып. 3.— 1966.— С. 340-342
Κύριος συγγραφέας: Строганова Т. Н.
Άλλοι συγγραφείς: Чернявский Б. Г.
Γλώσσα:Ρωσικά
Έκδοση: 1966
Θέματα:
Μορφή: MixedMaterials Κεφάλαιο βιβλίου
KOHA link:https://koha.lib.tpu.ru/cgi-bin/koha/opac-detail.pl?biblionumber=491594

MARC

LEADER 00000naa2a2200000 4500
001 491594
005 20231101095952.0
035 |a (RuTPU)RU\TPU\prd\160580 
035 |a RU\TPU\tpu\1097 
090 |a 491594 
100 |a 20121128a1966 k y0rusy50 ca 
101 0 |a rus 
102 |a RU 
200 1 |a Свечение некоторых сульфидных фосфоров в области инфранизких частот  |f Т. Н. Строганова, Б. Г. Чернявский 
320 |a Библиогр.: 10 назв. 
461 |0 (RuTPU)RU\TPU\prd\1660  |t Оптика и спектроскопия  |o научный журнал  |f Академия наук СССР (АН СССР)  |d 1956- 
463 0 |0 (RuTPU)RU\TPU\prd\160579  |t Т. 21, вып. 3  |v С. 340-342  |d 1966 
610 1 |a сульфиды 
610 1 |a труды учёных ТПУ 
610 1 |a фосфор 
610 1 |a инфранизкие частоты 
700 1 |a Строганова  |b Т. Н. 
701 1 |a Чернявский  |b Б. Г. 
801 0 |a RU  |b 63413507  |c 20011210  |g PSBO 
801 2 |a RU  |b 63413507  |c 20121128  |g PSBO 
942 |c BK